Tévéfelvétel Gémes Eszterről

Elmentve itt :
Bibliográfiai részletek
Dokumentumtípus: Cikk
Megjelent: 1984-04-18
Sorozat:Délmagyarország 74 No. 91
Kulcsszavak:Gémes Eszter
Online Access:http://dmarchiv.bibl.u-szeged.hu/94093
LEADER 00402nab a2200145 i 4500
001 delm94093
005 20190905122535.0
008 190905s1984 hu o 0|| hun d
040 |a SZTE Délmagyarország Archívum  |b hun 
041 |a hun 
245 0 0 |a Tévéfelvétel Gémes Eszterről  |h [elektronikus dokumentum] 
260 |c 1984-04-18 
300 |a 10 
490 0 |a Délmagyarország  |v 74 No. 91 
695 |a Gémes Eszter